000 00642nam a22002057a 4500
999 _c13806
_d13806
003 AR-CdUCM
008 190416b ||||| |||| 00| 0 spa d
040 _aMUNICIPALIDAD PROVINCIAL DEL CUSCO
_cBIBLIOTECA MUNICIPAL DEL CUSCO
082 _a869.56 /
_bY21
100 _aQuispe Suma, Jacinto Callo
_928614
245 _aFrutos del tiempo :
_bPoemas /
_cJacinto Yana Auqa (seudonimo)
260 _aCusco :
_bAndina,
_c1996.
300 _a82 páginas ;
_c20 cm.
505 _aContenido: Poemas.
650 _aPoesías peruanas
_91481
650 _aSiglo XX
_98
650 _aLiteratura
_983
942 _2ddc
_cLIBROS
945 _aachl
_d2019-04-16